Of Gods and men : research on the Egyptian temple from the New Kingdom to the Graeco-Roman period /
مؤلفون آخرون:
التنسيق: كتاب
اللغة:
English
French
منشور في:
Alcalá de Henares :
Editorial Universidad de Alcalá,
[2022]
سلاسل:
Monografías de Oriente antiguo ;
02
الموضوعات:
الوسوم: إضافة وسم
رقم الطلب: DT68.8 .O42
| LEADER | 01190nam a22003377a 4500 | ||
|---|---|---|---|
| 003 | OSt | ||
| 005 | 20260504095006.0 | ||
| 008 | 260504t2022 sp a b 001 0 eng d | ||
| 020 | |a 9788418979187 : |c 20.00 EUR | ||
| 035 | 9 | |a (CASAL)it60858610 | |
| 035 | |a (OCoLC)1329275734 | ||
| 040 | |a ItFiC |b eng |e rda |c ItFiC | ||
| 041 | 0 | |a eng |a fre | |
| 043 | |a f-ua--- | ||
| 050 | 1 | 4 | |a DT68.8 |b .O42 |
| 245 | 0 | 0 | |a Of Gods and men : |b research on the Egyptian temple from the New Kingdom to the Graeco-Roman period / |c Abraham I. Fernández Pichel (ed.). |
| 264 | 1 | |a Alcalá de Henares : |b Editorial Universidad de Alcalá, |c [2022] | |
| 300 | |a 281 pages : |b illustrations (chiefly color) ; |c 24 cm. | ||
| 336 | |a text |b txt |2 rdacontent | ||
| 337 | |a unmediated |b n |2 rdamedia | ||
| 338 | |a volume |b nc |2 rdacarrier | ||
| 490 | 0 | |a Monografías de Oriente antiguo ; |v 02 | |
| 504 | |a Includes bibliographical references and index. | ||
| 546 | |a Texts in English and French. | ||
| 650 | 0 | |a Temples |z Egypt. | |
| 650 | 0 | |a Architecture, Ancient |z Egypt. | |
| 651 | 0 | |a Egypt |x Religion. | |
| 651 | 0 | |a Egypt |x Antiquities. | |
| 700 | 1 | |a Fernández Pichel, Abraham I., |e editor. | |
| 942 | |2 lcc |c BK | ||
| 999 | |c 62226 |d 62226 | ||
